000 01485nam0a22003011 4500
001 rc\3020976
005 20110927174145.4
035 _a(NLR Aleph) 007163049
090 _a7268894
_c7268894
100 _a20110927d1940 |||y0rusy50 ca
101 0 _arus
102 _aRU
105 _aab z |||||
200 1 _aЕвсинское и другие месторождения огнеупорных и тугоплавких глин Новосибирской области
_fФ.А. Матвеева, Г.В. Малкин и В.П. Казаринов
_gС предисл. А.П. Пентегова
_gНовосиб. обл. пл. комиссия. Новосиб. обл. науч.-исслед. комплекс. хим. лаборатория
210 _aНовосибирск
_cНовосиб. облплан и Обл. науч.-исслед. комплекс. хим. лаборатория
_d1940
215 _a168 с.
_cчерт., карт.
_d22 см
300 _aНа обл. загл: Евсинские глины
320 _aБиблиогр.: с. 165-6
512 0 0 _aЕвсинские глины
700 1 _aМатвеева
_bФ. А.
_gФеоктиста Александровна
701 1 _aМалкин
_bГ. В.
_gГеоргий Васильевич
701 1 _aКазаринов
_bВ. П.
702 1 _aПентегов
_bА. П.
_4080
801 0 _aRU
_bNLR
_gpsbo
801 1 _aRU
_bELAR
_2rusmarc
852 _aNLR
_j40-4/1326
942 _cBOOK
980 _aNB